Los anarquistas / (Record no. 24373)

MARC details
000 -LEADER
campo de control de longitud fija 01219nam a2200301 i 4500
001 - NÚMERO DE CONTROL
campo de control 24373
003 - IDENTIFICADOR DE NÚMERO DE CONTROL
campo de control ES-MaACL
005 - FECHA Y HORA DE LA ÚLTIMA TRANSACCIÓN
campo de control 20250804062555.0
007 - CAMPO FIJO DE DESCRIPCIÓN FÍSICA--INFORMACIÓN GENERAL
campo de control de longitud fija t|
008 - DATOS DE LONGITUD FIJA--INFORMACIÓN GENERAL
campo de control de longitud fija 021217m19751979sp |||| | spa d
020 ## - NÚMERO INTERNACIONAL ESTÁNDAR DEL LIBRO
Número Internacional Estándar del Libro 84-206-1990-6
245 04 - MENCIÓN DEL TÍTULO
Título Los anarquistas /
Mención de responsabilidad, etc. selección e introducción de Irving Louis Horowitz ; [traductores, Joaquina Aguilar López, María Esther Benítez, José Fernández Sánchez].
260 ## - PUBLICACIÓN, DISTRIBUCIÓN, ETC.
Lugar de publicación, distribución, etc. Madrid :
Nombre del editor, distribuidor, etc. Alianza Editorial,
Fecha de publicación, distribución, etc. [1975-1979]
300 ## - DESCRIPCIÓN FÍSICA
Extensión 2 v. ;
Dimensiones 18 cm.
490 1# - MENCIÓN DE SERIE
Mención de serie El libro de bolsillo. Humanidades ;
Designación de volumen o secuencia 574, 629
505 8# - NOTA DE CONTENIDO CON FORMATO
Nota de contenido con formato Contiene: 1. La teoría - 2. La práctica. Apéndice: El anarquismo en España / por José Álvarez Junco.
650 #7 - PUNTO DE ACCESO ADICIONAL DE MATERIA--TÉRMINO DE MATERIA
Término de materia o nombre geográfico como elemento de entrada Anarquismo
Fuente del encabezamiento o término embne
9 (RLIN) 9783
650 #4 - PUNTO DE ACCESO ADICIONAL DE MATERIA--TÉRMINO DE MATERIA
Término de materia o nombre geográfico como elemento de entrada Anarquismo-
Subdivisión geográfica España.
9 (RLIN) 9790
700 1# - ENTRADA AGREGADA--NOMBRE PERSONAL
Nombre de persona Horowitz, Irving Louis.
9 (RLIN) 64241
700 1# - ENTRADA AGREGADA--NOMBRE PERSONAL
Nombre de persona Aguilar López, Joaquina.
9 (RLIN) 18731
700 1# - ENTRADA AGREGADA--NOMBRE PERSONAL
Nombre de persona Benítez, Esther,
Fechas asociadas al nombre 1937-2001
9 (RLIN) 27600
700 1# - ENTRADA AGREGADA--NOMBRE PERSONAL
Nombre de persona Fernández Sánchez, José,
Fechas asociadas al nombre 1925-2011
9 (RLIN) 152297
700 ## - ENTRADA AGREGADA--NOMBRE PERSONAL
Nombre de persona Álvarez Junco, José,
Fechas asociadas al nombre 1942-
9 (RLIN) 237536
740 32 - ENTRADA AGREGADA--TÍTULO RELACIONADO/ANALÍTICO NO CONTROLADO
Título relacionado o analítico no controlado El anarquismo en España.
830 13 - PUNTO DE ACCESO ADICIONAL DE SERIE-TÍTULO UNIFORME
Título uniforme El libro de bolsillo.
Nombre de parte o sección de la obra Humanidades
Designación de volumen o secuencia 574, 629
9 (RLIN) 178672
852 ## - LOCALIZACIÓN
Ubicación ES-MaACL
Número de control de estantería L-2370-71
Holdings
Estatus retirado Estado de pérdida Estado de daño No para préstamo Biblioteca de origen Biblioteca actual Ubicación en estantería Fecha de adquisición Fuente de adquisición Total de préstamos Signatura topográfica completa Código de barras Visto por última vez Precio de reemplazo Tipo de ítem Koha
        Biblioteca del Ateneo de Madrid Biblioteca del Ateneo de Madrid Depósito 2 17/01/2008     L-2370-71 1025131 04/10/2023 23/02/2023 Libro impreso